000 00388 a2200157 4500
001 47244
020 _a8532250688 (broch.)
040 _cAnchieta - Aquarius
100 _aMachado, Ana Maria
240 1 0 _aAh, cambaxirra, se eu pudesse...
_lpor
245 1 0 _aAh, cambaxirra, se eu pudesse...
300 _a31p.
362 0 _a2003
650 4 _aLiteratura infanto-juvenil
942 _cBK
999 _c47244
_d47244